[Event "Outaouais op U1900"]
[Site "Gatineau"]
[Date "2015.06.06"]
[Round "3"]
[White "Fei, David"]
[Black "Danis, Jacques"]
[Result "1/2-1/2"]
[WhiteElo "1770"]
[BlackElo "1756"]
[PlyCount "117"]
[EventDate "2015.06.05"]
[EventType "swiss"]
[EventRounds "5"]
[EventCountry "CAN"]
[SourceTitle "EXT 2019"]
[Source "ChessBase"]
[SourceDate "2018.10.10"]
[SourceVersion "1"]
[SourceVersionDate "2018.10.10"]
[SourceQuality "1"]

1. e4 b6 2. d4 Bb7 3. Nc3 e6 4. Nf3 Bb4 5. Bd3 c5 6. 0-0 cxd4 7. Nxd4 Nc6 8. Nxc6 Bxc6 9. Qg4 g6 10. e5 Be7 11. Be3 Qc7 12. Rfe1 h5 13. Qc4 Qb7 14. Be4 Rc8 15. Bxc6 dxc6 16. Rad1 Nh6 17. Bxh6 Rxh6 18. Qf4 Rh8 19. Ne4 Qc7 20. Rd3 Rd8 21. Red1 Rxd3 22. Rxd3 Kf8 23. Ng5 Bxg5 24. Qxg5 Kg7 25. Qf6+ Kh7 26. h3 Re8 27. g4 Qe7 28. Qf3 hxg4 29. hxg4 c5 30. Qf4 Rh8 31. Qf6 Qxf6 32. exf6 g5 33. Rd7 Kg6 34. Rxa7 Rb8 35. a4 Kxf6 36. Kf1 Kg6 37. Ke2 f5 38. gxf5+ Kxf5 39. Ke3 g4 40. Rf7+ Kg6 41. Rf4 Kg5 42. f3 gxf3 43. Rxf3 b5 44. axb5 Rxb5 45. b3 Rb4 46. Kd3 e5 47. Rf8 e4+ 48. Kc3 Rd4 49. Rc8 Rd5 50. Kc4 Re5 51. Rf8 Kg4 52. c3 Rf5 53. Re8 Kf3 54. b4 cxb4 55. cxb4 e3 56. b5 Kf2 57. b6 Rf7 58. Kc5 e2 59. Kc6 1/2-1/2

[Event "Gatineau CC-ch semi rapid"]
[Site "Gatineau"]
[Date "2014.03.25"]
[Round "2"]
[White "Danis, Jacques"]
[Black "Lessard, Alex"]
[Result "1/2-1/2"]
[WhiteElo "1641"]
[BlackElo "1782"]
[PlyCount "78"]
[EventDate "2014.03.25"]
[EventType "swiss (rapid)"]
[EventRounds "6"]
[EventCountry "CAN"]
[SourceTitle "EXT 2022"]
[Source "ChessBase"]
[SourceDate "2021.10.06"]
[SourceVersion "1"]
[SourceVersionDate "2021.10.06"]
[SourceQuality "1"]

1. d4 d5 2. Bg5 h6 3. Bh4 g5 4. Bg3 Bg7 5. e3 Bf5 6. c4 Nf6 7. Nc3 0-0 8. Nf3 c6 9. Qb3 Qb6 10. cxd5 Qxb3 11. axb3 cxd5 12. Be2 a6 13. 0-0 Nc6 14. Rfc1 Rac8 15. Na4 Nd7 16. Nc5 Nxc5 17. Rxc5 Rfd8 18. Rac1 Na7 19. b4 Rxc5 20. Rxc5 Rc8 21. Nd2 Rxc5 22. bxc5 Bc2 23. Bc7 Nc6 24. Bf3 e6 25. Be2 e5 26. dxe5 Bxe5 27. Bxe5 Nxe5 28. Bf3 Nd3 29. Bxd5 Nxc5 30. b4 Nd3 31. Bxb7 Nxb4 32. Nc4 Bd3 33. Na5 f5 34. f3 Kf8 35. Kf2 Ke7 36. e4 fxe4 37. Bxe4 Bxe4 38. fxe4 Ke6 39. Ke3 Kd6 1/2-1/2

[Event "Gatineau op U1800"]
[Site "Gatineau"]
[Date "2014.03.??"]
[Round "5"]
[White "Danis, Jacques"]
[Black "Bilodeau, Victor"]
[Result "1-0"]
[WhiteElo "1528"]
[BlackElo "1647"]
[PlyCount "103"]
[EventDate "2014.02.??"]
[EventType "swiss"]
[EventRounds "5"]
[EventCountry "CAN"]
[SourceTitle "EXT 2022"]
[Source "ChessBase"]
[SourceDate "2021.10.06"]
[SourceVersion "1"]
[SourceVersionDate "2021.10.06"]
[SourceQuality "1"]

1. d4 d5 2. Bg5 h6 3. Bh4 c5 4. dxc5 Qa5+ 5. Nc3 e6 6. e4 d4 7. Qxd4 Bxc5 8. Qa4+ Qxa4 9. Nxa4 Bd4 10. 0-0-0 Nc6 11. Bb5 Bf6 12. Bxc6+ bxc6 13. Bxf6 Nxf6 14. f3 Ke7 15. Nc5 Nd7 16. Nxd7 Bxd7 17. Ne2 e5 18. Rd2 Be6 19. Rhd1 Rhd8 20. b3 Rxd2 21. Rxd2 a5 22. Kb2 a4 23. c4 axb3 24. axb3 Rb8 25. Kc3 c5 26. Ra2 Kd6 27. Kc2 Kc6 28. Nc3 Rc8 29. Nd5 Kd6 30. Kc3 h5 31. Ra6+ Rc6 32. Rxc6+ Kxc6 33. h4 f6 34. Kd3 Kd6 35. Ke3 Bd7 36. g3 Be6 37. Nc3 f5 38. exf5 Bxf5 39. Ne4+ Kc6 40. Kd3 Bh3 41. Kc3 Bg2 42. Ng5 Bf1 43. Nf7 e4 44. fxe4 Bg2 45. Ng5 Kd6 46. b4 cxb4+ 47. Kxb4 Bf1 48. c5+ Kc6 49. Ne6 g6 50. Kc3 Bg2 51. Kd4 Bh3 52. Nf4 1-0

[Event "Gatineau op U1800"]
[Site "Gatineau"]
[Date "2014.03.??"]
[Round "3"]
[White "Germain, Benoit"]
[Black "Danis, Jacques"]
[Result "1-0"]
[WhiteElo "1676"]
[BlackElo "1528"]
[PlyCount "69"]
[EventDate "2014.02.??"]
[EventType "swiss"]
[EventRounds "5"]
[EventCountry "CAN"]
[SourceTitle "EXT 2022"]
[Source "ChessBase"]
[SourceDate "2021.10.06"]
[SourceVersion "1"]
[SourceVersionDate "2021.10.06"]
[SourceQuality "1"]

1. e4 g6 2. d4 Bg7 3. Nf3 d6 4. Bc4 e6 5. 0-0 Ne7 6. c3 0-0 7. Re1 c6 8. Be3 b6 9. Na3 Qc7 10. Qd2 Re8 11. Ng5 d5 12. Bb3 f6 13. Nh3 Kh8 14. f3 Nd7 15. c4 Nf8 16. cxd5 exd5 17. Nf4 g5 18. Nh5 Be6 19. Rac1 Qd7 20. e5 fxe5 21. Bxg5 exd4 22. Nxg7 Kxg7 23. Qxd4+ Kg8 24. Qf6 Neg6 25. h4 h5 26. Bh6 Kh7 27. Bxf8 Nxf8 28. Bc2+ Kg8 29. Re5 Re7 30. Rxh5 Rg7 31. Re1 Re8 32. Ree5 Bf7 33. Rhg5 Be6 34. Rxg7+ Qxg7 35. Rg5 1-0

[Event "Gatineau Benevoles"]
[Site "Gatineau"]
[Date "2013.12.01"]
[Round "4"]
[White "Danis, Jacques"]
[Black "Berthiaume, Serge"]
[Result "0-1"]
[WhiteElo "1585"]
[BlackElo "1468"]
[PlyCount "118"]
[EventDate "2013.12.10"]
[EventType "swiss"]
[EventRounds "4"]
[EventCountry "CAN"]
[SourceTitle "EXT 2022"]
[Source "ChessBase"]
[SourceDate "2021.10.06"]
[SourceVersion "1"]
[SourceVersionDate "2021.10.06"]
[SourceQuality "1"]

1. e4 g6 2. d4 Bg7 3. c4 c5 4. Nf3 cxd4 5. Nxd4 Qb6 6. Nb3 Nc6 7. Nc3 Nf6 8. Be3 Qc7 9. Be2 0-0 10. Rc1 d6 11. f3 Nd7 12. Qd2 Nde5 13. 0-0 f5 14. Kh1 fxe4 15. Nxe4 Nf7 16. c5 Rd8 17. cxd6 Nxd6 18. Nxd6 Rxd6 19. Qc2 Bf5 20. Qc4+ Kf8 21. Bd4 Bxd4 22. Nxd4 Rxd4 23. Qxd4 Nxd4 24. Rxc7 Nxe2 25. Rxb7 Kf7 26. Re1 Bd3 27. Rb3 Nf4 28. g3 Bc4 29. Rb4 Nd3 30. Rxe7+ Kxe7 31. Rxc4 Rd8 32. Rc2 Rd6 33. Rc7+ Rd7 34. Rc2 Kd6 35. h4 Kd5 36. Kh2 Re7 37. Kh3 Kd4 38. g4 Ke3 39. Kg3 Ne1 40. Rc3+ Kd2 41. f4 Nd3 42. h5 Nxb2 43. Rb3 gxh5 44. Rxb2+ Kc3 45. Rf2 hxg4 46. Kxg4 Re4 47. Kf5 Kd4 48. Rd2+ Ke3 49. Re2+ Kxe2 50. Kxe4 h5 51. f5 h4 52. f6 h3 53. f7 h2 54. f8Q h1Q+ 55. Kd4 Qd1+ 56. Kc4 Qd3+ 57. Kb4 Qd4+ 58. Kb5 Qb2+ 59. Kc5 Qa3+ 0-1

[Event "Gatineau Loisirs"]
[Site "Gatineau"]
[Date "2013.10.22"]
[Round "2"]
[White "Lessard, Alex"]
[Black "Danis, Jacques"]
[Result "1-0"]
[WhiteElo "1310"]
[BlackElo "1552"]
[PlyCount "97"]
[EventDate "2013.10.15"]
[EventType "swiss"]
[EventRounds "4"]
[EventCountry "CAN"]
[SourceTitle "EXT 2022"]
[Source "ChessBase"]
[SourceDate "2021.10.06"]
[SourceVersion "1"]
[SourceVersionDate "2021.10.06"]
[SourceQuality "1"]

1. d4 d5 2. c4 e6 3. Nf3 c6 4. e3 f5 5. b3 Nf6 6. Bb2 Bd6 7. Be2 0-0 8. 0-0 Qe7 9. Qc1 Nbd7 10. Ne5 Ne4 11. Nd2 Ng5 12. a4 Nf7 13. Ndf3 g5 14. Nxf7 Rxf7 15. Ne5 Rg7 16. a5 Qf6 17. f4 g4 18. g3 h5 19. c5 Bc7 20. a6 Nxe5 21. dxe5 Qe7 22. axb7 Bxb7 23. Bd4 a5 24. Ra4 h4 25. Qd2 hxg3 26. hxg3 Rh7 27. Rfa1 Qf7 28. Bf1 Qh5 29. Qg2 Qe8 30. Bc3 Qb8 31. Bxa5 Bxa5 32. Rxa5 Rxa5 33. Rxa5 Bc8 34. Qa2 Qb4 35. Ra8 Rc7 36. Qa6 Qb7 37. Qxb7 Rxb7 38. Rxc8+ Kf7 39. Rxc6 Rxb3 40. Kf2 Rb2+ 41. Be2 Rc2 42. Rc7+ Ke8 43. c6 Kd8 44. Rd7+ Ke8 45. Rd6 Ke7 46. Ke1 Rc5 47. Ba6 Rc1+ 48. Kd2 Rc5 49. Bc8 1-0

[Event "Gatineau Loisirs"]
[Site "Gatineau"]
[Date "2013.10.15"]
[Round "1"]
[White "Danis, Jacques"]
[Black "Guimond, Michel"]
[Result "0-1"]
[WhiteElo "1552"]
[BlackElo "1917"]
[PlyCount "100"]
[EventDate "2013.10.15"]
[EventType "swiss"]
[EventRounds "4"]
[EventCountry "CAN"]
[SourceTitle "EXT 2022"]
[Source "ChessBase"]
[SourceDate "2021.10.06"]
[SourceVersion "1"]
[SourceVersionDate "2021.10.06"]
[SourceQuality "1"]

1. e4 e6 2. Nf3 d5 3. exd5 exd5 4. d4 Bd6 5. Bd3 Bg4 6. 0-0 Ne7 7. Bg5 f6 8. Bh4 Nbc6 9. c3 Qd7 10. Nbd2 Nf5 11. Bg3 Bxg3 12. Bxf5 Bxf5 13. fxg3 0-0-0 14. Qe2 Rhe8 15. Qf2 Be4 16. Rfe1 Re6 17. h3 Rde8 18. Kh2 R8e7 19. g4 Qe8 20. g3 Bxf3 21. Nxf3 Re2 22. Kg2 Rxf2+ 23. Kxf2 Rxe1 24. Rxe1 Qg6 25. Re2 Kd7 26. a3 Na5 27. g5 Nb3 28. g4 Qd3 29. h4 c5 30. gxf6 gxf6 31. g5 Nc1 32. Rd2 Qf5 33. gxf6 c4 34. Kg3 Qxf6 35. Ne5+ Kc7 36. Rf2 Qd6 37. Rf7+ Kb6 38. Rf6 Kc7 39. Rxd6 Kxd6 40. Kf4 Ke6 41. h5 Nd3+ 42. Nxd3 cxd3 43. Ke3 Kf5 44. Kxd3 Kg5 45. c4 Kxh5 46. cxd5 Kg6 47. Ke4 Kf6 48. Kf4 a5 49. a4 b6 50. b3 Ke7 0-1

[Event "Sherbrooke op-B"]
[Site "Sherbrooke"]
[Date "2004.05.28"]
[Round "1"]
[White "Danis, Jacques"]
[Black "Pilotte, Benoit"]
[Result "1/2-1/2"]
[WhiteElo "1598"]
[BlackElo "1805"]
[PlyCount "122"]
[EventDate "2004.05.??"]
[EventType "swiss"]
[EventRounds "5"]
[EventCountry "CAN"]
[SourceTitle "EXT 2005"]
[Source "ChessBase"]
[SourceDate "2004.11.15"]
[SourceVersion "1"]
[SourceVersionDate "2004.11.15"]
[SourceQuality "1"]

1. e4 d6 2. d4 Nf6 3. Nc3 g6 4. f4 Bg7 5. Nf3 c5 6. Be2 cxd4 7. Nxd4 0-0 8. Be3 Bd7 9. Qd2 Nc6 10. 0-0 Nxd4 11. Bxd4 Bc6 12. Bf3 Qa5 13. Be3 Nd7 14. e5 Bxf3 15. Rxf3 Nb6 16. Bxb6 Qxb6+ 17. Qe3 Qxe3+ 18. Rxe3 dxe5 19. fxe5 Rad8 20. Re2 a6 21. Rae1 Rd4 22. Nd1 Rfd8 23. Nf2 Rd2 24. Nd3 Rxe2 25. Rxe2 Rd5 26. b3 Kf8 27. a4 e6 28. Kf2 Ke8 29. Kf3 Kd7 30. h3 f5 31. exf6 Rf5+ 32. Ke4 Bxf6 33. g4 Rd5 34. Kf3 Kd6 35. Re4 e5 36. Rc4 b6 37. Nb4 Rc5 38. Nxa6 Rxc4 39. bxc4 h6 40. Ke4 Kc6 41. Nb4+ Kc5 42. Nd5 Bg7 43. c3 Kxc4 44. Nxb6+ Kc5 45. Nd5 Bf8 46. Kxe5 Bd6+ 47. Ke4 Kc4 48. h4 Bg3 49. h5 gxh5 50. gxh5 Bh2 51. Ne3+ Kxc3 52. a5 Bb8 53. Kd5 Kb4 54. Ng4 Kxa5 55. Nxh6 Bf4 56. Nf7 Kb6 57. Ke6 Kc7 58. Kf6 Kd7 59. Ng5 Ke8 60. Nh7 Bc1 61. Kg6 Ke7 1/2-1/2

[Event "Outaouais-ch"]
[Site "Gatineau"]
[Date "1996.03.??"]
[Round "7"]
[White "Danis, Jacques"]
[Black "Charbonneau, Alain"]
[Result "0-1"]
[WhiteElo "1622"]
[BlackElo "1790"]
[PlyCount "78"]
[EventDate "1996.03.01"]
[EventType "tourn"]
[EventRounds "9"]
[EventCountry "CAN"]
[SourceTitle "EXT 2022"]
[Source "ChessBase"]
[SourceDate "2021.10.06"]
[SourceVersion "1"]
[SourceVersionDate "2021.10.06"]
[SourceQuality "1"]

1. e4 c5 2. d4 cxd4 3. c3 dxc3 4. Nxc3 e6 5. Bc4 Bc5 6. Nf3 Ne7 7. Qe2 d6 8. 0-0 0-0 9. Rd1 a6 10. Bf4 b5 11. Bb3 Bb7 12. Bxd6 Bxd6 13. e5 Ng6 14. Rxd6 Qe7 15. Rad1 Nf4 16. Qe3 g5 17. Ne4 Bxe4 18. Qxe4 Ra7 19. g3 Ng6 20. Bc2 Rd7 21. h4 gxh4 22. gxh4 f5 23. exf6 Rxf6 24. Rxd7 Nxd7 25. h5 Rf4 26. Qb7 Ngf8 27. Kf1 Qf7 28. Ke2 Qxh5 29. Rg1+ Ng6 30. Qc8+ Rf8 31. Qc6 Kh8 32. Bxg6 hxg6 33. Rg2 Ne5 34. Qc3 Qxf3+ 35. Qxf3 Rxf3 36. Rg5 Rf5 37. Rg3 Kg7 38. b3 Kf6 39. Rc3 g5 0-1

[Event "Outaouais-ch"]
[Site "Gatineau"]
[Date "1996.03.??"]
[Round "2"]
[White "Danis, Jacques"]
[Black "Papineau, Andre"]
[Result "0-1"]
[WhiteElo "1622"]
[BlackElo "1703"]
[PlyCount "44"]
[EventDate "1996.03.01"]
[EventType "tourn"]
[EventRounds "9"]
[EventCountry "CAN"]
[SourceTitle "EXT 2022"]
[Source "ChessBase"]
[SourceDate "2021.10.06"]
[SourceVersion "1"]
[SourceVersionDate "2021.10.06"]
[SourceQuality "1"]

1. e4 c5 2. d4 cxd4 3. c3 dxc3 4. Nxc3 Nc6 5. Nf3 d6 6. Bc4 Bg4 7. Bxf7+ Kxf7 8. Ng5+ Ke8 9. Qxg4 Ne5 10. Qe2 h6 11. f4 hxg5 12. fxe5 dxe5 13. Bxg5 Nf6 14. 0-0 Qb6+ 15. Kh1 Rd8 16. Rac1 g6 17. Bxf6 exf6 18. Nd5 Rxd5 19. exd5 Bc5 20. b4 Qxb4 21. Rxf6 Rxh2+ 22. Kxh2 Qh4# 0-1

[Event "St Therese Outaouais-Laurentides m2"]
[Site "St Therese"]
[Date "1994.10.15"]
[Round "2"]
[White "Danis, Jacques"]
[Black "Beauchamp, Serge"]
[Result "0-1"]
[WhiteElo "1695"]
[BlackElo "1624"]
[PlyCount "58"]
[EventDate "1994.10.15"]
[EventType "team-match"]
[EventRounds "2"]
[EventCountry "CAN"]
[SourceTitle "EXT 2022"]
[Source "ChessBase"]
[SourceDate "2021.10.06"]
[SourceVersion "1"]
[SourceVersionDate "2021.10.06"]
[SourceQuality "1"]

1. e4 e6 2. d4 d5 3. e5 c5 4. c3 Bd7 5. f4 Nc6 6. Nf3 Qb6 7. Be2 cxd4 8. cxd4 Rc8 9. Nc3 Nge7 10. a3 Na5 11. Rb1 Rxc3 12. bxc3 Qxb1 13. Bd3 Qb3 14. Qxb3 Nxb3 15. Bb2 Ng6 16. g3 Be7 17. Bc2 Na5 18. Nd2 0-0 19. 0-0 Rc8 20. Rb1 b6 21. Kf2 Bb5 22. a4 Ba6 23. Ke3 Nc4+ 24. Nxc4 Bxc4 25. Ra1 Bf8 26. f5 Ne7 27. fxe6 fxe6 28. g4 g6 29. h4 Nc6 0-1

[Event "Outaouais-ch Reserve"]
[Site "Hull"]
[Date "1994.05.22"]
[Round "6"]
[White "Danis, Jacques"]
[Black "Maisonneuve, Paul"]
[Result "0-1"]
[WhiteElo "1688"]
[BlackElo "1498"]
[PlyCount "48"]
[EventDate "1994.04.17"]
[EventType "tourn"]
[EventRounds "7"]
[EventCountry "CAN"]
[SourceTitle "EXT 2022"]
[Source "ChessBase"]
[SourceDate "2021.10.06"]
[SourceVersion "1"]
[SourceVersionDate "2021.10.06"]
[SourceQuality "1"]

1. e4 d6 2. d4 Nf6 3. Bd3 c6 4. Nf3 Bg4 5. Nbd2 e6 6. c4 c5 7. d5 exd5 8. exd5 Be7 9. 0-0 Nbd7 10. h3 Bh5 11. b3 Ne5 12. g4 Nxd3 13. gxh5 Nxc1 14. Rxc1 Nxh5 15. Re1 0-0 16. Ne4 Re8 17. Ng3 Nf4 18. Kh2 Qd7 19. Ng1 Bf6 20. Qf3 Ng6 21. Nf5 Be5+ 22. Ng3 Re7 23. N1e2 Rae8 24. Kg2 Nh4+ 0-1

[Event "Outaouais-ch Reserve"]
[Site "Hull"]
[Date "1994.05.08"]
[Round "4"]
[White "Laurin, Jacques"]
[Black "Danis, Jacques"]
[Result "0-1"]
[WhiteElo "1741"]
[BlackElo "1688"]
[PlyCount "96"]
[EventDate "1994.04.17"]
[EventType "tourn"]
[EventRounds "7"]
[EventCountry "CAN"]
[SourceTitle "EXT 2022"]
[Source "ChessBase"]
[SourceDate "2021.10.06"]
[SourceVersion "1"]
[SourceVersionDate "2021.10.06"]
[SourceQuality "1"]

1. c4 e5 2. Nc3 Nf6 3. e3 Bb4 4. Nd5 Nxd5 5. cxd5 c6 6. Qg4 Bf8 7. Bc4 d6 8. Qf3 b5 9. dxc6 bxc4 10. c7 Qxc7 11. Qxa8 Nc6 12. Ne2 Kd7 13. Nc3 Bb7 14. Nd5 Bxa8 15. Nxc7 Kxc7 16. 0-0 Nb4 17. b3 Nc2 18. Rb1 Be4 19. Rb2 Bd3 20. bxc4 Bxf1 21. Kxf1 Na3 22. Rb3 Nxc4 23. Rc3 d5 24. d3 Bb4 25. Rc2 Kd6 26. dxc4 Rc8 27. a3 Ba5 28. f4 Rxc4 29. fxe5+ Kxe5 30. Bb2+ Ke4 31. Re2 Bb6 32. Kf2 f5 33. Bxg7 h5 34. Bh6 Rc3 35. a4 Ra3 36. a5 Rxa5 37. Rb2 Ra4 38. Ke2 Rc4 39. Bg7 Bxe3 40. Rb8 Rc2+ 41. Kd1 Rxg2 42. Bc3 Kd3 43. Be1 f4 44. h4 f3 45. Rb3+ Ke4 46. Rb4+ d4 47. Rb7 f2 48. Re7+ Kd3 0-1

[Event "St Therese Outaouais-Laurentides m1"]
[Site "St Therese"]
[Date "1994.05.07"]
[Round "1"]
[White "Forget, Luc"]
[Black "Danis, Jacques"]
[Result "0-1"]
[WhiteElo "1687"]
[BlackElo "1666"]
[PlyCount "116"]
[EventDate "1994.05.07"]
[EventType "team-match"]
[EventRounds "2"]
[EventCountry "CAN"]
[SourceTitle "EXT 2022"]
[Source "ChessBase"]
[SourceDate "2021.10.06"]
[SourceVersion "1"]
[SourceVersionDate "2021.10.06"]
[SourceQuality "1"]

1. d4 Nf6 2. Nf3 d5 3. c4 c6 4. Nc3 e6 5. Bg5 Nbd7 6. e3 Be7 7. Rc1 h6 8. Bh4 a6 9. Be2 b5 10. cxd5 cxd5 11. 0-0 Bb7 12. Bd3 Rc8 13. a3 0-0 14. Bxf6 Bxf6 15. Bb1 Nb6 16. Qe2 Qe7 17. Rfd1 Rc7 18. Na2 Rfc8 19. Rxc7 Rxc7 20. Nc3 Nc4 21. Qc2 g6 22. Nd2 Kg7 23. Nxc4 Rxc4 24. Qb3 Qd6 25. Bd3 Rc7 26. f4 g5 27. g3 Qb6 28. Na4 Qd6 29. Nc3 Rc8 30. Rd2 Rg8 31. Ne2 gxf4 32. exf4 Kh8 33. Bc2 h5 34. Qf3 h4 35. g4 Qe7 36. g5 Bxg5 37. Kf1 Bh6 38. Ng1 Qf6 39. Nh3 Qg7 40. Qh5 Qf6 41. Ke1 Kg7 42. Ng5 Qxf4 43. Rf2 Qc1+ 44. Bd1 Qxg5 45. Rxf7+ Kh8 46. Rxb7 Qd2+ 47. Kf1 Qg2+ 48. Ke1 Qg1+ 49. Ke2 Rg2+ 50. Kd3 Qf1+ 51. Be2 Qb1+ 52. Kc3 Qc1+ 53. Kb4 Qxb2+ 54. Ka5 Qxa3+ 55. Kb6 Qd6+ 56. Ka7 Qf8 57. Rf7 Qxf7+ 58. Qxf7 Rg7 0-1

[Event "Outaouais-ch Reserve"]
[Site "Hull"]
[Date "1994.05.01"]
[Round "3"]
[White "Danis, Jacques"]
[Black "Jobin, Marie"]
[Result "1-0"]
[WhiteElo "1688"]
[BlackElo "1429"]
[PlyCount "61"]
[EventDate "1994.04.17"]
[EventType "tourn"]
[EventRounds "7"]
[EventCountry "CAN"]
[SourceTitle "EXT 2022"]
[Source "ChessBase"]
[SourceDate "2021.10.06"]
[SourceVersion "1"]
[SourceVersionDate "2021.10.06"]
[SourceQuality "1"]

1. e4 e5 2. Nf3 Nc6 3. Bc4 Bc5 4. c3 Nf6 5. d3 d6 6. b4 Bb6 7. Qb3 0-0 8. 0-0 Qe7 9. Bg5 Be6 10. Nbd2 Qd7 11. Bxf6 gxf6 12. Bxe6 fxe6 13. Nc4 Kh8 14. a4 d5 15. Nb2 a6 16. Rad1 Rad8 17. c4 Nd4 18. Nxd4 Bxd4 19. cxd5 exd5 20. a5 Qb5 21. Na4 Rd6 22. Rc1 Qd7 23. Nc5 Qb5 24. exd5 Rfd8 25. Ne4 Qxd5 26. Qxd5 Rxd5 27. Nxf6 R5d6 28. Ne4 R6d7 29. Rc4 Bb2 30. Nc5 Rd5 31. Nxb7 1-0

[Event "Outaouais-ch Reserve"]
[Site "Hull"]
[Date "1994.04.17"]
[Round "1"]
[White "Danis, Jacques"]
[Black "Lavergne, Daniel"]
[Result "1-0"]
[WhiteElo "1688"]
[BlackElo "1236"]
[PlyCount "61"]
[EventDate "1994.04.17"]
[EventType "tourn"]
[EventRounds "7"]
[EventCountry "CAN"]
[SourceTitle "EXT 2022"]
[Source "ChessBase"]
[SourceDate "2021.10.06"]
[SourceVersion "1"]
[SourceVersionDate "2021.10.06"]
[SourceQuality "1"]

1. d4 Nf6 2. Bg5 d5 3. Nf3 Nbd7 4. e3 e6 5. Bd3 Be7 6. h3 0-0 7. Nc3 c5 8. Bf4 cxd4 9. exd4 Bb4 10. 0-0 Qa5 11. Nb5 Ne8 12. a3 Be7 13. b4 Qb6 14. c4 a6 15. c5 Qc6 16. Qe2 b6 17. Nc3 bxc5 18. dxc5 Bf6 19. Rac1 Bxc3 20. Rxc3 Nef6 21. Nd4 Qb7 22. c6 Qb6 23. cxd7 Bxd7 24. Be5 Rfc8 25. Rfc1 Rxc3 26. Rxc3 Ne4 27. Bxe4 dxe4 28. Qxe4 Re8 29. Qg4 g6 30. Qg5 Kf8 31. Bf6 1-0

[Event "Hull Coupe Defi"]
[Site "Hull"]
[Date "1992.06.13"]
[Round "1"]
[White "Solunac, Sasha"]
[Black "Danis, Jacques"]
[Result "0-1"]
[WhiteElo "1933"]
[BlackElo "1631"]
[PlyCount "88"]
[EventDate "1992.06.13"]
[EventType "swiss"]
[EventRounds "4"]
[EventCountry "CAN"]
[SourceTitle "EXT 2022"]
[Source "ChessBase"]
[SourceDate "2021.10.06"]
[SourceVersion "1"]
[SourceVersionDate "2021.10.06"]
[SourceQuality "1"]

1. e4 c5 2. Nf3 d6 3. d4 cxd4 4. Nxd4 e6 5. Bc4 Nf6 6. Nc3 a6 7. Bb3 Be7 8. 0-0 0-0 9. Be3 Nc6 10. f4 Bd7 11. Kh1 b5 12. Qf3 Na5 13. Rad1 Qc7 14. f5 Nxb3 15. cxb3 b4 16. Na4 e5 17. Ne2 Bc6 18. Ng3 Qb7 19. Nb6 Nxe4 20. Nxa8 Nd2 21. Qf2 Nxf1 22. Rxf1 Rxa8 23. Nh5 Bf8 24. Qg3 Kh8 25. Rd1 f6 26. h4 d5 27. Bg1 d4 28. Qg4 Rc8 29. Rd3 Bd5 30. Rg3 Rc2 31. Kh2 Rxb2 32. Bxd4 exd4 33. Qxd4 Rxg2+ 34. Rxg2 Bxg2 35. Qd8 Kg8 36. Nf4 Be4 37. Ne6 Qe7 38. Qa5 Qd6+ 39. Kh3 Qd3+ 40. Kh2 Bd6+ 41. Kg1 Qg3+ 42. Kf1 Qg2+ 43. Ke1 Bg3+ 44. Kd1 Qc2# 0-1